| 000 | 00686nam a2200229 4500 | ||
|---|---|---|---|
| 003 | OSt | ||
| 005 | 20260601193852.0 | ||
| 008 | 260506b2007 |||a|||| |||| 00| 0 spa d | ||
| 020 | _a9786077612360 | ||
| 040 |
_aICI _bspa _cICI |
||
| 050 |
_aNK844 _bV59 |
||
| 100 | 1 |
_aComisarenco, Dina _932471 |
|
| 245 | 1 |
_aVida y diseño: _ben México siglo XX _cDina Comisarenco Mirkin [y otros cuatro] |
|
| 250 | _aPrimera edición | ||
| 264 |
_bFomento Cultural Banamex _c2007 _aMéxico |
||
| 300 | _a561 páginas | ||
| 336 |
_atexto _2rdacontent |
||
| 337 |
_asin medio _2rdamedia |
||
| 338 |
_avolumen _2rdacarrier |
||
| 650 |
_aArtes decorativas _ySiglo XX _zMéxico _932472 |
||
| 942 |
_2ddc _cB _n1 |
||
| 999 |
_c21894 _d21894 |
||